| 000 | 00392nam a2200145Ia 4500 | ||
|---|---|---|---|
| 008 | 210210b1976 xxu||||| |||| 00| 0 eng d | ||
| 082 | _a341.23 MEHI | ||
| 100 | _aMEHRISH (B N). | ||
| 245 | _aInternational organisations structures and processes. | ||
| 260 |
_aDelhi. _bVishal Publications., _c1976 |
||
| 300 | _av,402,vi | ||
| 650 | _aUNO | ||
| 690 | _aInternational Law | ||
| 906 | _a032682 | ||
| 999 |
_c83783 _d83783 |
||